[Event "8th EUR-ch (w)"]
[Site "Dresden GER"]
[Date "2007.04.06"]
[Round "4"]
[White "Zakurdyaeva, Irina"]
[Black "Foisor, Cristina"]
[Result "1/2-1/2"]
[WhiteElo "2286"]
[BlackElo "2384"]
[EventDate "2007.04.03"]
[PlyCount "182"]

1.e4 c6 2.d4 g6 3.Nc3 d5 4.e5 f6 5.f4 Nh6 6.Be2 Bg7 7.Be3 Qb6 8.Na4 Qa5+ 
9.c3 O-O 10.h3 Na6 11.b4 Qd8 12.Bxa6 bxa6 13.Nc5 a5 14.a3 fxe5 15.dxe5 g5 
16.Ne2 Nf5 17.Bd4 Nxd4 18.cxd4 gxf4 19.Ng1 axb4 20.axb4 Qb6 21.Qd2 Rb8 22.
Nf3 Qxb4 23.Qxb4 Rxb4 24.O-O Bf5 25.Rxa7 Re8 26.Rfa1 Bh6 27.R1a6 Be4 28.
Rxc6 Bxf3 29.Rxh6 Be4 30.Rh4 Rxd4 31.Rxf4 Rd1+ 32.Kh2 Bg6 33.Rd7 Rc1 34.
Ne6 Be4 35.Rg4+ Kh8 36.Ng5 h5 37.Rh4 Re1 38.Rxh5+ Kg8 39.Nxe4 dxe4 40.e6 
Kg7 41.Rf5 Kg6 42.Rf7 e3 43.Rd4 e2 44.Rg4+ Kh6 45.Re4 Ra8 46.Rf2 Ra2 47.
Kg3 Kg6 48.Kf3 Ra3+ 49.Kg4 Ra2 50.Kh4 Kh6 51.Re3 Kg6 52.Kg3 Rb2 53.Kf3 Rb6
54.Rfxe2 Rc1 55.g4 Rc8 56.Kg3 Rcc6 57.Re5 Rc3+ 58.R2e3 Rcc6 59.h4 Rc1 60.
h5+ Kh6 61.Kh4 Rb4 62.R5e4 Rh1+ 63.Kg3 Rg1+ 64.Kf4 Rb8 65.Rd4 Rg8 66.Kf3 
Rf8+ 67.Ke2 Rg2+ 68.Kd3 Rf1 69.Kc4 Rc1+ 70.Kd5 Rc8 71.Ree4 Kg5 72.Rc4 Rd8+
73.Kc6 Rd6+ 74.Kc7 Ra2 75.Rc5+ Kh6 76.Rc6 Rd5 77.Rb4 Rg2 78.Kc8 Kg5 79.Rc7
Kf6 80.Rbb7 Rxg4 81.Rd7 Rxh5 82.Kb8 Rh7 83.Rb6 Re4 84.Rd1 Rh5 85.Rd8 Kg7 
86.Re8 Rh8 87.Rxh8 Kxh8 88.Kc7 Kg7 89.Kd7 Kf6 90.Rc6 Ra4 91.Kc7 Rd4 
1/2-1/2

[Event "8th EUR-ch (w)"]
[Site "Dresden GER"]
[Date "2007.04.06"]
[Round "4"]
[White "Ovod, Evgenia"]
[Black "Fakhiridou, Ekaterini"]
[Result "1-0"]
[WhiteElo "2384"]
[BlackElo "2299"]
[EventDate "2007.04.03"]
[PlyCount "137"]

1.c4 e6 2.d4 d5 3.Nc3 c6 4.Nf3 dxc4 5.e3 b5 6.a4 Bb4 7.Bd2 a5 8.axb5 Bxc3 
9.Bxc3 cxb5 10.b3 Bb7 11.bxc4 b4 12.Bb2 Nf6 13.Bd3 Nbd7 14.O-O O-O 15.Nd2 
e5 16.Bc2 exd4 17.exd4 Qc7 18.Ba4 Rfd8 19.d5 Qf4 20.g3 Qh6 21.Bd4 Qh3 22.
f3 Qf5 23.Bc2 Qh5 24.Ra4 Rdc8 25.g4 Qh6 26.Bf5 Qf4 27.Bxf6 Nxf6 28.Bxc8 
Bxc8 29.Nb3 Qxc4 30.Rf2 h6 31.Rxa5 Rxa5 32.Nxa5 Qxd5 33.Qxd5 Nxd5 34.Rd2 
Be6 35.Nc6 Kh7 36.Rb2 h5 37.Nxb4 Nf4 38.Kf2 g5 39.Kg3 Kg6 40.Rd2 h4+ 41.
Kf2 f5 42.Rd6 Kf6 43.Nc6 Kf7 44.gxf5 Bxf5 45.Ke3 Ng6 46.Kd4 Kg7 47.Ne5 Nf4
48.Ng4 Bc2 49.Ne3 Bg6 50.Rb6 h3 51.Ng4 Be8 52.Ke5 Ng6+ 53.Ke4 Nh4 54.Rb7+ 
Kg6 55.Ne5+ Kf6 56.Rb6+ Kg7 57.Ra6 Bb5 58.Ra7+ Kf6 59.Rf7+ Ke6 60.Rh7 Bf1 
61.Rh6+ Ke7 62.Ng6+ Nxg6 63.Rxg6 Kf7 64.Rxg5 Kf6 65.Kf4 Bg2 66.Rb5 Ke6 67.
Rb6+ Kd5 68.Kg4 Ke5 69.f4+ 1-0

[Event "8th EUR-ch (w)"]
[Site "Dresden GER"]
[Date "2007.04.06"]
[Round "4"]
[White "Umudova, Nargiz"]
[Black "Bosboom-Lanchava, Tea"]
[Result "1-0"]
[WhiteElo "2198"]
[BlackElo "2383"]
[EventDate "2007.04.03"]
[PlyCount "37"]

1.Nf3 g6 2.g3 Bg7 3.Bg2 f5 4.d3 Nf6 5.O-O O-O 6.e4 d6 7.Nc3 e5 8.Re1 Kh8 
9.d4 fxe4 10.Nxe4 Nxe4 11.Rxe4 d5 12.Rxe5 Bxe5 13.dxe5 c6 14.Bh6 Re8 15.
Qd4 Be6 16.Ng5 Qe7 17.Nxe6 Qxe6 18.Bh3 Qxe5 19.Re1 1-0

[Event "8th EUR-ch (w)"]
[Site "Dresden GER"]
[Date "2007.04.06"]
[Round "4"]
[White "Vasylevich, Tatiana"]
[Black "Mamedyarova, Turkan"]
[Result "1-0"]
[WhiteElo "2383"]
[BlackElo "2293"]
[EventDate "2007.04.03"]
[PlyCount "51"]

1.d4 d5 2.Nf3 Nf6 3.c4 e6 4.Nc3 Be7 5.Bg5 O-O 6.e3 b6 7.cxd5 exd5 8.Bd3 h6
9.Bh4 Bb7 10.Ne5 Nbd7 11.Bxf6 Bxf6 12.f4 Nxe5 13.fxe5 Bg5 14.Qf3 f5 15.g3 
c6 16.h4 Be7 17.O-O-O Bc8 18.Rdf1 Bd7 19.Kb1 b5 20.Ne2 b4 21.Nf4 b3 22.Ng6
bxa2+ 23.Ka1 Rf7 24.g4 f4 25.g5 Qc8 26.gxh6 1-0

[Event "8th EUR-ch (w)"]
[Site "Dresden GER"]
[Date "2007.04.06"]
[Round "4"]
[White "Vogel, Heike"]
[Black "Kononenko, Tatiana"]
[Result "1/2-1/2"]
[WhiteElo "2156"]
[BlackElo "2382"]
[EventDate "2007.04.03"]
[PlyCount "84"]

1.d4 d5 2.Bf4 Nf6 3.e3 c5 4.c3 Nc6 5.Bd3 Qb6 6.Qc1 Bg4 7.Nd2 Rc8 8.Ngf3 
cxd4 9.exd4 Nb4 10.Bb1 Qa6 11.h3 Bxf3 12.Nxf3 Nd3+ 13.Bxd3 Qxd3 14.Qe3 
Qxe3+ 15.Bxe3 e6 16.Bf4 Nd7 17.O-O Be7 18.Rfe1 h6 19.Ne5 Nxe5 20.Bxe5 f6 
21.Bg3 Kf7 22.Re3 Rc6 23.Rae1 h5 24.h4 b5 25.a3 Rhc8 26.f4 g6 27.R1e2 Rb6 
28.Be1 Bf8 29.g3 a5 30.Kg2 Rc4 31.Bd2 f5 32.Rd3 Rcc6 33.Re1 Ke8 34.Kf3 Kd7
35.Ra1 Bd6 36.Be1 Rb7 37.Ke2 Rc8 38.Rdd1 b4 39.axb4 axb4 40.Ra4 bxc3 41.
Bxc3 Rcb8 42.Kd3 Rc7 1/2-1/2

[Event "8th EUR-ch (w)"]
[Site "Dresden GER"]
[Date "2007.04.06"]
[Round "4"]
[White "Houska, Jovanka"]
[Black "Nill, Jessica"]
[Result "1/2-1/2"]
[WhiteElo "2381"]
[BlackElo "2283"]
[EventDate "2007.04.03"]
[PlyCount "107"]

1.e4 e5 2.Nf3 Nc6 3.Bc4 d6 4.O-O Be7 5.d3 Nf6 6.a4 O-O 7.Re1 Na5 8.Ba2 c5 
9.Nc3 a6 10.Nd5 Nxd5 11.Bxd5 Be6 12.c3 Nc6 13.Be3 Qd7 14.Nd2 b5 15.axb5 
axb5 16.Qb3 Rxa1 17.Rxa1 Rb8 18.Ra6 Nd8 19.h3 h6 20.Qa2 Bf8 21.Ra7 Qe8 22.
Nf1 Nc6 23.Ra6 Rc8 24.Ng3 g6 25.h4 h5 26.Bg5 b4 27.Nf1 bxc3 28.bxc3 Nb8 
29.Ra8 Bd7 30.Ne3 Nc6 31.Ra6 Nd8 32.Bb7 Nxb7 33.Nd5 Qe6 34.Ra7 Bc6 35.Qa6 
Bxd5 36.exd5 Qxd5 37.Rxb7 c4 38.Rb4 Qe6 39.Rxc4 Rxc4 40.Qxc4 Qxc4 41.dxc4 
f5 42.g3 Kf7 43.Be3 Ke6 44.Kf1 Be7 45.Ke2 Kd7 46.Kd3 Kc6 47.f3 Bd8 48.Bh6 
Bb6 49.Ke2 Bc5 50.Bg5 Kc7 51.Be7 Kd7 52.Bg5 Kc6 53.Bf6 Bg1 54.Bg5 1/2-1/2

[Event "8th EUR-ch (w)"]
[Site "Dresden GER"]
[Date "2007.04.06"]
[Round "4"]
[White "Kachiani-Gersinska, Ketino"]
[Black "Seps, Monika"]
[Result "1/2-1/2"]
[WhiteElo "2375"]
[BlackElo "2265"]
[EventDate "2007.04.03"]
[PlyCount "138"]

1.c4 Nf6 2.d4 g6 3.Nc3 Bg7 4.e4 d6 5.Be2 O-O 6.Bg5 c5 7.d5 a6 8.a4 e6 9.
Qd2 Qa5 10.Ra3 exd5 11.exd5 Re8 12.Nf3 Bg4 13.O-O Nbd7 14.h3 Bxf3 15.Bxf3 
Qb4 16.Be2 Ne4 17.Nxe4 Rxe4 18.Bd3 Ree8 19.Qc2 Rab8 20.Ra2 Qb6 21.a5 Qc7 
22.Bd2 Ne5 23.b4 Nxd3 24.Qxd3 Bd4 25.Re1 Re7 26.bxc5 Rxe1+ 27.Bxe1 Qxc5 
28.Re2 Be5 29.g3 Rc8 30.Rc2 Kf8 31.Kg2 Qd4 32.Qxd4 Bxd4 33.Bb4 Bc5 34.Bc3 
f5 35.g4 fxg4 36.hxg4 Ba3 37.f4 Kf7 38.Bd2 Bc5 39.Kf3 Re8 40.Rc1 Bd4 41.
Rh1 Kg8 42.Rb1 Re7 43.g5 Rc7 44.Ke4 Rxc4 45.Kd3 Ra4 46.Rxb7 Bc5 47.Rb8+ 
Kf7 48.Ra8 Rd4+ 49.Ke2 Rxd5 50.Rxa6 Rd4 51.Rc6 Re4+ 52.Kd3 Re7 53.Rc8 Ke6 
54.Kc4 Kd7 55.Rh8 Kc6 56.Rc8+ Kd7 57.Rh8 Kc6 58.Kd3 Kd5 59.Rc8 Rb7 60.Re8 
Rb3+ 61.Ke2 Rb7 62.Bc3 Bd4 63.Bd2 Rb2 64.Kd3 Rb3+ 65.Ke2 Rb7 66.Ra8 Rb2 
67.Kd3 Rb3+ 68.Ke2 Rb2 69.Kd3 Rb3+ 1/2-1/2

[Event "8th EUR-ch (w)"]
[Site "Dresden GER"]
[Date "2007.04.06"]
[Round "4"]
[White "Vozovic, Oksana"]
[Black "Mira, Helene"]
[Result "1-0"]
[WhiteElo "2356"]
[BlackElo "2171"]
[EventDate "2007.04.03"]
[PlyCount "96"]

1.e4 e5 2.Nf3 Nc6 3.Nc3 Nf6 4.Bb5 Bb4 5.O-O O-O 6.d3 Bxc3 7.bxc3 d5 8.exd5
Nxd5 9.Bd2 Bg4 10.h3 Bxf3 11.Qxf3 Qd6 12.a4 a6 13.Bc4 Nb6 14.Bb3 Na5 15.
Rfb1 Rab8 16.c4 Nxb3 17.Rxb3 Nxc4 18.Bb4 c5 19.Be1 Nb6 20.Rab1 Nd7 21.Rxb7
Rxb7 22.Qxb7 g6 23.Qa7 Qc6 24.Rb7 Nf6 25.Rb6 Qd7 26.Qxa6 Nh5 27.Bc3 Qd5 
28.Qb7 Qa2 29.Qe7 Qxc2 30.Qxe5 f6 31.Qe6+ Kg7 32.Rb7+ Kh6 33.Qe3+ g5 34.
Bd2 Rg8 35.a5 Nf4 36.a6 Qxd3 37.Qxd3 Nxd3 38.a7 Ra8 39.Ba5 c4 40.Bb6 c3 
41.Rc7 Nf4 42.Rc5 Kg6 43.f3 Nxh3+ 44.Kf1 g4 45.Rxc3 Ng5 46.Rd3 Nf7 47.Rd7 
Rc8 48.Rd5 Rc7 1-0

[Event "8th EUR-ch (w)"]
[Site "Dresden GER"]
[Date "2007.04.06"]
[Round "4"]
[White "Von Wantoch-Rekowski, Danijela"]
[Black "Vasilkova, Svetlana"]
[Result "1-0"]
[WhiteElo "2114"]
[BlackElo "2346"]
[EventDate "2007.04.03"]
[PlyCount "101"]

1.d4 Nf6 2.c4 e6 3.Nf3 c5 4.Nc3 cxd4 5.Nxd4 b6 6.Ndb5 Bb4 7.Bf4 O-O 8.a3 
Bxc3+ 9.Nxc3 d5 10.cxd5 Nxd5 11.Nxd5 exd5 12.g3 Be6 13.Bg2 Nc6 14.O-O Qd7 
15.Rc1 Rac8 16.Qa4 Qb7 17.Qb5 a6 18.Qd3 Rfd8 19.Rfd1 h6 20.h4 b5 21.b4 Ne7
22.Rxc8 Qxc8 23.Rc1 Qd7 24.Rc7 Qe8 25.Qd4 Rc8 26.Qc5 Rxc7 27.Qxc7 d4 28.
Qd6 Nf5 29.Qb8 Qxb8 30.Bxb8 Bc4 31.Be4 g6 32.Kf1 Kf8 33.Bb7 Ke7 34.Bxa6 
Kd7 35.Bb7 Ke6 36.Ke1 Ne7 37.Ba7 Nf5 38.Kd2 Nd6 39.Bf3 Ke5 40.Bb7 f5 41.e3
dxe3+ 42.Kxe3 Ke6 43.Kd4 Ne4 44.Bxe4 fxe4 45.a4 Bf1 46.a5 Kd7 47.h5 gxh5 
48.Kxe4 Bg2+ 49.Kd4 Kc6 50.f4 Bh3 51.Ke5 1-0

[Event "8th EUR-ch (w)"]
[Site "Dresden GER"]
[Date "2007.04.06"]
[Round "4"]
[White "Ionica, Iulia-Ionela"]
[Black "Dembo, Yelena"]
[Result "1/2-1/2"]
[WhiteElo "2276"]
[BlackElo "2470"]
[EventDate "2007.04.03"]
[PlyCount "72"]

1.e4 c5 2.Nf3 Nc6 3.d4 cxd4 4.Nxd4 Nf6 5.Nc3 d6 6.Bg5 Bd7 7.Qd2 Rc8 8.f4 
h6 9.Bxf6 gxf6 10.Nf5 Qa5 11.Bd3 Nb4 12.O-O Nxd3 13.Qxd3 Rg8 14.Kh1 Qc5 
15.Rae1 Qc4 16.Qd1 Kd8 17.Ne3 Qc5 18.Ncd5 a5 19.c3 Rg6 20.Qh5 Bb5 21.Rg1 
Bd3 22.f5 Rg7 23.Qf3 Qb5 24.b3 Qc5 25.c4 Qd4 26.Ng4 b5 27.Nf2 bxc4 28.Rd1 
Qb2 29.Nxd3 cxd3 30.Qxd3 Qc2 31.Qd4 Rg4 32.Nb6 Rc5 33.Qa4 Kc7 34.Nd5+ Kd8 
35.Nb6 Kc7 36.Nd5+ Kd8 1/2-1/2

[Event "8th EUR-ch (w)"]
[Site "Dresden GER"]
[Date "2007.04.06"]
[Round "4"]
[White "Golubenko, Valentina"]
[Black "Pogonina, Natalia"]
[Result "1/2-1/2"]
[WhiteElo "2271"]
[BlackElo "2419"]
[EventDate "2007.04.03"]
[PlyCount "160"]

1.d4 Nf6 2.Nf3 c5 3.d5 b5 4.Bg5 Qb6 5.Bxf6 Qxf6 6.c3 Qb6 7.e4 g6 8.Nbd2 
Bg7 9.a4 b4 10.Nc4 Qb7 11.Qc2 O-O 12.Bd3 d6 13.O-O bxc3 14.bxc3 Qc7 15.
Nfd2 Ba6 16.f4 Nd7 17.a5 Rab8 18.h4 Nf6 19.Ne3 Bxd3 20.Qxd3 e6 21.dxe6 
fxe6 22.f5 exf5 23.exf5 Rbe8 24.Rae1 Qf7 25.fxg6 Qxg6 26.Qxd6 Rd8 27.Qe6+ 
Qf7 28.Qxf7+ Rxf7 29.Nb3 Bf8 30.Nc4 Rb8 31.Nbd2 Nd7 32.Rxf7 Kxf7 33.Ne4 h6
34.Ned6+ Kg8 35.Re6 Rb3 36.Ne4 Rb8 37.Ra6 Re8 38.Ng3 Ne5 39.Nxe5 Rxe5 40.
Rxa7 c4 41.Kf2 Be7 42.Ne2 Rf5+ 43.Ke1 Bxh4+ 44.g3 Bf6 45.a6 Ra5 46.Kf2 Ra3
47.Ra8+ Kg7 48.a7 Be7 49.Rc8 Rxa7 50.Rxc4 Bf6 51.Rc6 Be5 52.Re6 Ra5 53.Ke3
Bf6 54.Kd3 Rd5+ 55.Nd4 Kf7 56.Re4 h5 57.Rf4 Kg6 58.c4 Rd8 59.Re4 Ra8 60.
Nc2 Rb8 61.Nd4 Ra8 62.Nb5 Ra1 63.Re2 Rc1 64.Re3 h4 65.gxh4 Bxh4 66.Re6+ 
Kf7 67.Ra6 Bf2 68.Nd6+ Ke7 69.Ne4 Bg1 70.Nc3 Kd7 71.Rg6 Bc5 72.Kd2 Rh1 73.
Ne4 Rh2+ 74.Kc3 Rh3+ 75.Kc2 Ba3 76.c5 Kc7 77.c6 Bb4 78.Rf6 Ra3 79.Nf2 Rc3+
80.Kb1 Rxc6 1/2-1/2

[Event "8th EUR-ch (w)"]
[Site "Dresden GER"]
[Date "2007.04.06"]
[Round "4"]
[White "Makropoulou, Marina"]
[Black "Lomineishvili, Maia"]
[Result "1/2-1/2"]
[WhiteElo "2268"]
[BlackElo "2399"]
[EventDate "2007.04.03"]
[PlyCount "44"]

1.e4 c5 2.Nf3 d6 3.d4 cxd4 4.Nxd4 Nf6 5.Nc3 Nc6 6.Bg5 e6 7.Qd2 Be7 8.O-O-O
Nxd4 9.Qxd4 O-O 10.f4 Qa5 11.Kb1 Rd8 12.Qd2 Qb6 13.Bd3 h6 14.h4 Kf8 15.f5 
Qa5 16.Bxh6 gxh6 17.Qxh6+ Kg8 18.Rh3 Qe5 19.Rf1 Ng4 20.Qh5 Nf6 21.Qh6 Ng4 
22.Qh5 Nf6 1/2-1/2

[Event "8th EUR-ch (w)"]
[Site "Dresden GER"]
[Date "2007.04.06"]
[Round "4"]
[White "Melia, Salome"]
[Black "Guramishvili, Sopiko"]
[Result "1-0"]
[WhiteElo "2396"]
[BlackElo "2267"]
[EventDate "2007.04.03"]
[PlyCount "151"]

1.e4 Nc6 2.Nf3 d6 3.Bc4 Nf6 4.d3 Bg4 5.h3 Bh5 6.g4 Bg6 7.h4 h5 8.g5 Nd7 9.
Nc3 Na5 10.Be3 Nxc4 11.dxc4 Nb6 12.Qe2 Qd7 13.Bxb6 axb6 14.O-O-O f6 15.
Rhg1 Bf7 16.g6 Bg8 17.Nd4 e6 18.Kb1 O-O-O 19.Qd3 Qe8 20.Ncb5 Rh6 21.Qa3 
Kd7 22.Qa4 Ke7 23.Qa7 Rd7 24.Nf5+ exf5 25.exf5 Qc8 26.Rge1+ Kd8 27.Qa4 c6 
28.Nd4 Kc7 29.Re3 Re7 30.Rb3 b5 31.Qa5+ b6 32.Qd2 Bxc4 33.Ra3 Kb7 34.Rc3 
c5 35.Rxc4 bxc4 36.Ne6 Rxe6 37.Qd5+ Kc7 38.fxe6 Be7 39.Rg1 Qb7 40.Qf5 Qa8 
41.c3 b5 42.f3 Qc6 43.a3 Rh8 44.Rd1 Qb7 45.Rd5 Rh6 46.Rd1 Qb6 47.Re1 Rh8 
48.Rd1 Qc6 49.Rd5 Kd8 50.Rd1 Ke8 51.Re1 Rh6 52.Re2 Kf8 53.Re1 Qe8 54.Rg1 
Qc8 55.Qd5 Qe8 56.Qf5 d5 57.f4 d4 58.cxd4 cxd4 59.Qe4 d3 60.f5 Qb8 61.Rg2 
Bd6 62.Qc6 Be7 63.Rd2 Qe8 64.Qb7 Rh8 65.Qb6 Kg8 66.Qb7 Rh6 67.Qb6 Bf8 68.
Qb7 Bc5 69.Rd1 Bf2 70.Qd5 Qe7 71.Qxb5 Bxh4 72.Qxc4 Bg3 73.Rxd3 Bd6 74.Qc6 
h4 75.Rxd6 Qf8 76.e7 1-0

[Event "8th EUR-ch (w)"]
[Site "Dresden GER"]
[Date "2007.04.06"]
[Round "4"]
[White "Dworakowska, Joanna"]
[Black "Karlovich, Anastazia"]
[Result "1-0"]
[WhiteElo "2363"]
[BlackElo "2266"]
[EventDate "2007.04.03"]
[PlyCount "103"]

1.e4 e5 2.Nf3 Nc6 3.Bb5 f5 4.Nc3 fxe4 5.Nxe4 Nf6 6.Nxf6+ gxf6 7.d4 Bg7 8.
dxe5 Qe7 9.O-O Nxe5 10.Nd4 O-O 11.Nf5 Qc5 12.Ba4 d6 13.Be3 Nf3+ 14.Qxf3 
Qxf5 15.Bf4 Be6 16.Rfe1 Bd5 17.Bd7 Bxf3 18.Bxf5 Bd5 19.Rad1 Rfe8 20.f3 Bf7
21.Kf2 Rxe1 22.Rxe1 Re8 23.Rd1 Bg6 24.Rd5 Bf8 25.Bd7 Rd8 26.Be6+ Bf7 27.
Bxf7+ Kxf7 28.g4 c6 29.Rf5 Ke6 30.h4 d5 31.Rxf6+ Kxf6 32.Bg5+ Ke5 33.Bxd8 
Bd6 34.Bg5 c5 35.Bh6 d4 36.f4+ Ke4 37.f5 Be5 38.b3 b5 39.Bg5 Bd6 40.Bd8 
Ke5 41.f6 Ke6 42.g5 Bf4 43.Kf3 Be3 44.Bc7 Bd2 45.Bf4 Bc3 46.Ke4 Be1 47.h5 
Bh4 48.Kf3 c4 49.Ke4 Bf2 50.Be5 Bh4 51.g6 hxg6 52.hxg6 1-0

[Event "8th EUR-ch (w)"]
[Site "Dresden GER"]
[Date "2007.04.06"]
[Round "4"]
[White "Zawadzka, Jolanta"]
[Black "Paulet, Iozefina"]
[Result "1-0"]
[WhiteElo "2348"]
[BlackElo "2241"]
[EventDate "2007.04.03"]
[PlyCount "117"]

1.e4 e6 2.d4 d5 3.Nc3 dxe4 4.Nxe4 Nd7 5.Nf3 Ngf6 6.Bg5 h6 7.Bxf6 Nxf6 8.
Bd3 Nxe4 9.Bxe4 c5 10.Qe2 Qb6 11.O-O-O cxd4 12.Rxd4 Bc5 13.Rd2 Bd6 14.g3 
O-O 15.Rhd1 Bc7 16.c3 Qa5 17.Bb1 Rb8 18.Nd4 e5 19.Nb5 Be6 20.Nxc7 Qxc7 21.
Rd6 Rfe8 22.Qd3 g6 23.Qe3 Kh7 24.h4 Rbd8 25.Rxd8 Rxd8 26.Rxd8 Qxd8 27.Qxe5
Qd7 28.Qd4 Qc6 29.b3 h5 30.Kb2 b6 31.Qe4 Qc7 32.f4 Qc8 33.Qe5 Qd7 34.Qxh5+
Kg8 35.Qe2 a5 36.Qd3 Qe7 37.Qd4 b5 38.Bc2 Qb7 39.h5 gxh5 40.Qd8+ Kg7 41.f5
Bxf5 42.Bxf5 Qg2+ 43.Bc2 Qxg3 44.Qd4+ Kg8 45.Qd3 Qg5 46.Qf5 f6 47.c4 bxc4 
48.bxc4 Qh4 49.Qe4 Qf2 50.Qd5+ Kg7 51.c5 h4 52.Qd7+ Kf8 53.Qd8+ Kg7 54.
Qe7+ Kg8 55.Qe8+ Kg7 56.c6 h3 57.Qe7+ Kg8 58.c7 Qb6+ 59.Ka3 1-0

[Event "8th EUR-ch (w)"]
[Site "Dresden GER"]
[Date "2007.04.06"]
[Round "4"]
[White "Pokorna, Regina"]
[Black "Franciskovic, Borka"]
[Result "0-1"]
[WhiteElo "2343"]
[BlackElo "2227"]
[EventDate "2007.04.03"]
[PlyCount "152"]

1.e4 c6 2.d4 d5 3.e5 Bf5 4.Be3 e6 5.Nd2 Nd7 6.Be2 Ne7 7.Ngf3 Bg6 8.Nh4 Nf5
9.Nxf5 Bxf5 10.O-O Be7 11.c3 O-O 12.f4 c5 13.g4 Bg6 14.f5 exf5 15.gxf5 Bg5
16.Bxg5 Qxg5+ 17.Kh1 Bxf5 18.Rxf5 Qxf5 19.Bg4 Qf4 20.Bxd7 cxd4 21.Nf3 dxc3
22.bxc3 Rad8 23.Bh3 Qe3 24.Rc1 Rfe8 25.Kg2 Re7 26.Qe1 Qb6 27.Qf2 Qg6+ 28.
Kh1 Qh6 29.Rg1 Qxh3 30.Rg3 Qf5 31.Qxa7 Rc8 32.Qe3 Rc4 33.Qb6 Qd7 34.Qf6 g6
35.Nd4 Rxd4 36.cxd4 Re6 37.Qf4 Ra6 38.a3 Qe7 39.Qe3 Rb6 40.Qd3 Rb2 41.Qc3 
Rb1+ 42.Kg2 Qh4 43.Qc2 Re1 44.Qf2 Re4 45.e6 fxe6 46.Qc2 Qf6 47.Qc8+ Qf8 
48.Qxf8+ Kxf8 49.Rb3 Rxd4 50.Rxb7 Ra4 51.Rxh7 Rxa3 52.Rd7 Rd3 53.h4 d4 54.
Kf2 e5 55.Ke2 Rh3 56.Rd5 Re3+ 57.Kd2 Kg7 58.Rd6 Kh6 59.Ra6 Kh5 60.Re6 g5 
61.hxg5 Kxg5 62.Re8 Kf4 63.Rh8 Ke4 64.Rh4+ Kd5 65.Rh5 Rf3 66.Ke2 Rf4 67.
Rh8 Ke4 68.Re8 Rh4 69.Rg8 Rh2+ 70.Kd1 Kd3 71.Rg3+ Kc4 72.Ra3 d3 73.Ra8 Kc3
74.Rc8+ Kd4 75.Rg8 e4 76.Rg4 Kc3 0-1

[Event "8th EUR-ch (w)"]
[Site "Dresden GER"]
[Date "2007.04.06"]
[Round "4"]
[White "Medic, Mirjana"]
[Black "Calzetta Ruiz, Monica"]
[Result "1-0"]
[WhiteElo "2265"]
[BlackElo "2340"]
[EventDate "2007.04.03"]
[PlyCount "107"]

1.d4 Nf6 2.c4 c5 3.d5 b5 4.cxb5 a6 5.bxa6 g6 6.Nc3 Bxa6 7.g3 d6 8.Bg2 Bg7 
9.Nf3 O-O 10.O-O Nbd7 11.Rb1 Ne8 12.Qc2 Nc7 13.Rd1 Nb6 14.e4 Bc8 15.h3 Bd7
16.b3 Qc8 17.Kh2 f5 18.Nd2 Bd4 19.Bb2 fxe4 20.Ndxe4 Bf5 21.g4 Bxe4 22.Qxe4
Be5+ 23.Kg1 Nd7 24.Na4 Rf4 25.Qe3 Qf8 26.Bxe5 Nxe5 27.Nc3 Ra3 28.Ne2 Nf3+ 
29.Kh1 Rf7 30.Nc3 Ne5 31.Rd2 Rf4 32.Rc2 Na6 33.Nb5 Ra5 34.a4 Nb4 35.Rd2 c4
36.Nc7 Rf7 37.Ne6 Qa8 38.Ng5 cxb3 39.Nxf7 Nxf7 40.Rxb3 Rxa4 41.Qxe7 Ra7 
42.Qf6 Na6 43.Re3 Nc5 44.Rde2 Ra1+ 45.Kh2 Ne5 46.Rxe5 dxe5 47.d6 e4 48.Qe5
Rc1 49.Rd2 Qb8 50.Bxe4 Nxe4 51.Qxe4 Rb1 52.Qe6+ Kg7 53.Kg2 Rb5 54.Qe4 1-0

[Event "8th EUR-ch (w)"]
[Site "Dresden GER"]
[Date "2007.04.06"]
[Round "4"]
[White "Khukhashvili, Sopiko"]
[Black "Daulyte, Deimante"]
[Result "1-0"]
[WhiteElo "2334"]
[BlackElo "2224"]
[EventDate "2007.04.03"]
[PlyCount "53"]

1.e4 c5 2.Nf3 d6 3.d4 cxd4 4.Qxd4 a6 5.c4 Nc6 6.Qe3 Nf6 7.Nc3 g6 8.Be2 Bg7
9.h3 O-O 10.O-O Bd7 11.Rb1 Nh5 12.Rd1 f5 13.c5 Nf6 14.cxd6 exd6 15.Rxd6 
Qc7 16.Rd1 fxe4 17.Ng5 Ne5 18.Qg3 Bf5 19.Bf4 Rae8 20.Rbc1 Qa5 21.b4 Qxb4 
22.Bxe5 Nh5 23.Bd6 Nxg3 24.Bxb4 Nxe2+ 25.Nxe2 h6 26.Bxf8 Rxf8 27.g4 1-0

[Event "8th EUR-ch (w)"]
[Site "Dresden GER"]
[Date "2007.04.06"]
[Round "4"]
[White "Gromova, Yulia"]
[Black "Foisor, Sabina-Francesca"]
[Result "1/2-1/2"]
[WhiteElo "2252"]
[BlackElo "2333"]
[EventDate "2007.04.03"]
[PlyCount "160"]

1.d4 d5 2.c4 c6 3.Nf3 Nf6 4.e3 e6 5.Bd3 Nbd7 6.O-O dxc4 7.Bxc4 b5 8.Bd3 
Bb7 9.e4 a6 10.Nc3 c5 11.d5 c4 12.Bc2 Nc5 13.Qe2 exd5 14.Nxd5 Be7 15.Nxe7 
Qxe7 16.e5 Nfd7 17.Re1 Ne6 18.Bd2 O-O 19.Rad1 Ndc5 20.b4 cxb3 21.axb3 Rfc8
22.Bc1 b4 23.Qe3 Rd8 24.Nd4 Nxd4 25.Rxd4 Rxd4 26.Qxd4 Ne6 27.Qg4 Rc8 28.
Bd3 Rd8 29.Bc4 Rd4 30.Qg3 a5 31.Be3 Rxc4 32.bxc4 a4 33.f4 Be4 34.Bf2 Qb7 
35.Qe3 Bxg2 36.f5 Bh1 37.Qg3 Nc7 38.Bd4 Ne8 39.f6 Qf3 40.Qxf3 Bxf3 41.e6 
gxf6 42.Bc5 fxe6 43.Rxe6 Bh5 44.Bxb4 Bf7 45.Re7 Ng7 46.c5 Nf5 47.Rd7 Be8 
48.Rd3 Kf7 49.Rh3 Kg6 50.Bc3 h5 51.Bb2 Bc6 52.Rd3 Kf7 53.Kf2 Ke6 54.Ke1 
Bd5 55.Kd2 Be4 56.Rd8 Ke7 57.Rh8 h4 58.Rb8 Ke6 59.Rb6+ Kd5 60.Rb4 a3 61.
Bxa3 Ne7 62.Bb2 Nc6 63.Ra4 f5 64.Ba3 Ne5 65.Kc3 Nc6 66.Ra8 h3 67.Rh8 Bg2 
68.Kd2 Ne5 69.Rd8+ Kc6 70.Ke2 f4 71.Rg8 f3+ 72.Kf2 Nd3+ 73.Ke3 f2 74.Rf8 
f1=Q 75.Rxf1 Bxf1 76.Kf3 Nxc5 77.Bxc5 Kxc5 78.Kf2 Bb5 79.Kg3 Bd7 80.Kf2 
Kd4 1/2-1/2

[Event "8th EUR-ch (w)"]
[Site "Dresden GER"]
[Date "2007.04.06"]
[Round "4"]
[White "Celuskina, Irina"]
[Black "Mader, Manuela"]
[Result "1/2-1/2"]
[WhiteElo "2332"]
[BlackElo "2223"]
[EventDate "2007.04.03"]
[PlyCount "114"]

1.e4 c5 2.Nc3 e6 3.g3 d5 4.d3 Nf6 5.Bg2 dxe4 6.dxe4 Qxd1+ 7.Nxd1 Nc6 8.Ne3
Be7 9.Ne2 O-O 10.O-O Bd7 11.Rd1 Rac8 12.a4 Rfd8 13.b3 b6 14.Bb2 Nb4 15.c3 
Nc6 16.Nc4 Be8 17.f4 h5 18.Bf3 g6 19.Kf1 a6 20.Rxd8 Rxd8 21.Nxb6 Rb8 22.a5
Nxa5 23.Rxa5 Rxb6 24.Ba3 Bb5 25.c4 Bc6 26.Bxc5 Bxc5 27.Rxc5 Bxe4 28.Rc8+ 
Kg7 29.Nd4 Bxf3 30.Nxf3 Rxb3 31.Ne5 Ng4 32.Nxg4 hxg4 33.Ra8 Rc3 34.Rxa6 
Rxc4 35.Ra2 Kf6 36.Kg2 g5 37.fxg5+ Kxg5 38.h3 gxh3+ 39.Kxh3 e5 40.Ra7 f5 
41.Kg2 Rc2+ 42.Kf3 e4+ 43.Ke3 Rc3+ 44.Kf2 Rd3 45.Re7 Rd8 46.Ra7 Kf6 47.
Ra6+ Ke5 48.Ra5+ Rd5 49.Ra8 Rc5 50.Re8+ Kd4 51.Rd8+ Rd5 52.Re8 Kd3 53.Re7 
Kd2 54.g4 Rd3 55.gxf5 Rf3+ 56.Kg2 Kd3 57.Re5 Kd4 1/2-1/2

[Event "8th EUR-ch (w)"]
[Site "Dresden GER"]
[Date "2007.04.06"]
[Round "4"]
[White "Rybenko, Ksenia"]
[Black "Klinova, Masha"]
[Result "1-0"]
[WhiteElo "2239"]
[BlackElo "2330"]
[EventDate "2007.04.03"]
[PlyCount "57"]

1.e4 c6 2.d3 d5 3.Nd2 e5 4.Ngf3 Bd6 5.Qe2 Qe7 6.g3 Nf6 7.Bg2 O-O 8.O-O 
Nbd7 9.exd5 cxd5 10.c4 d4 11.Ng5 Re8 12.Nde4 Bc7 13.Bd2 Nxe4 14.Nxe4 h6 
15.Qh5 a5 16.g4 Nf6 17.Nxf6+ Qxf6 18.Be4 g6 19.Qxh6 Bxg4 20.f4 Qg7 21.Qh4 
Be6 22.f5 Bd8 23.f6 Qh7 24.Bh6 Rb8 25.Qg5 Bc7 26.h4 Bd6 27.h5 Bf8 28.Bxf8 
Kxf8 29.hxg6 1-0

[Event "8th EUR-ch (w)"]
[Site "Dresden GER"]
[Date "2007.04.06"]
[Round "4"]
[White "Nemcova, Katerina"]
[Black "Levushkina, Elena"]
[Result "1-0"]
[WhiteElo "2164"]
[BlackElo "2327"]
[EventDate "2007.04.03"]
[PlyCount "237"]

1.e4 g6 2.d4 Bg7 3.Nc3 d6 4.Nf3 a6 5.Be2 b5 6.a3 Bb7 7.O-O Nd7 8.Re1 c5 9.
Bf1 cxd4 10.Nxd4 Ngf6 11.f3 O-O 12.Be3 Nb6 13.a4 Nc4 14.Bxc4 bxc4 15.b4 
Nd7 16.Rb1 Qc7 17.Qd2 Rfb8 18.Qf2 Qd8 19.Nde2 Ne5 20.Red1 Qe8 21.h3 Nd7 
22.Nd5 Rc8 23.Ndc3 Nf6 24.Bd4 e5 25.Be3 Qe6 26.Rd2 Bf8 27.Rbd1 Nh5 28.Nd5 
Bxd5 29.Rxd5 f5 30.Nc3 Nf6 31.Ra5 f4 32.Bb6 Rcb8 33.Nd5 Nxd5 34.Raxd5 Qe8 
35.a5 Rb7 36.c3 Rg7 37.Qa2 Qc8 38.Kf2 h5 39.Ke2 g5 40.Kd2 Be7 41.Kc1 Qc6 
42.Qe2 Kf7 43.b5 axb5 44.Qb2 g4 45.hxg4 hxg4 46.Rxb5 gxf3 47.gxf3 Rag8 48.
Rbd5 Rg3 49.Qh2 Qa4 50.Qh5+ R3g6 51.Qf5+ Kg7 52.R5d2 Rf8 53.Qh3 Rh8 54.Qf1
Qa3+ 55.Kb1 Qxc3 56.Rc2 Qb3+ 57.Rb2 Qa4 58.Rc1 Rc8 59.Ra2 Qc6 60.Rac2 d5 
61.exd5 Qb5+ 62.Rb2 Qxd5 63.Rg2 Qb5+ 64.Rb2 Qc6 65.Rc3 Bf6 66.Rbc2 Qb5+ 
67.Rb2 Qc6 68.Re2 Qb5+ 69.Rb2 Qd5 70.Qh3 Qd1+ 71.Ka2 Rh8 72.Qe6 Rh1 73.
Rxc4 Qa1+ 74.Kb3 Qd1+ 75.Ka2 Qa1+ 76.Kb3 Qd1+ 77.Ka2 Kh6 78.Bc7 Qa1+ 79.
Kb3 Qd1+ 80.Ka2 Bg7 81.Qf5 Qa1+ 82.Kb3 Qd1+ 83.Kb4 Rf6 84.Qe4 Bf8+ 85.Kc3 
Qe1+ 86.Kb3 Qd1+ 87.Kc3 Qc1+ 88.Kb3 Qa1 89.Bxe5 Qa3+ 90.Kc2 Rh2+ 91.Kb1 
Rh1+ 92.Rc1 Rxc1+ 93.Kxc1 Qc5+ 94.Kb1 Qg1+ 95.Ka2 Rf7 96.Bxf4+ Kg7 97.Bh2 
Qg5 98.Qe5+ Qxe5 99.Bxe5+ Kg6 100.f4 Kf5 101.a6 Ra7 102.Rb6 Bc5 103.Rf6+ 
Ke4 104.Kb3 Kd5 105.Bb8 Ra8 106.Be5 Be7 107.Rg6 Kc5 108.Ka4 Bd8 109.Bd6+ 
Kc4 110.Bb4 Bh4 111.Rh6 Bf2 112.f5 Kd5 113.Rd6+ Ke5 114.f6 Bh4 115.f7 Be7 
116.Rb6 Bf8 117.Bxf8 Rxf8 118.a7 Ra8 119.Kb5 1-0